[Event "Bisaccia op 3rd"]
[Site "Bisaccia"]
[Date "2011.06.03"]
[Round "3"]
[White "Santeramo, Alessia Carmen"]
[Black "Rito, Giuseppe"]
[Result "1-0"]
[WhiteElo "1667"]
[BlackElo "1693"]
[PlyCount "57"]
[EventDate "2011.06.08"]
[EventType "swiss"]
[EventRounds "7"]
[EventCountry "ITA"]
[SourceTitle "EXT 2014"]
[Source "ChessBase"]
[SourceDate "2013.11.20"]
[SourceVersion "1"]
[SourceVersionDate "2013.11.20"]
[SourceQuality "1"]

1. e4 c5 2. Nf3 e6 3. c3 d5 4. e5 Qb6 5. d4 Nc6 6. a3 Bd7 7. b4 cxb4 8. cxb4 Nge7 9. Be3 Nf5 10. Be2 Nxe3 11. fxe3 Be7 12. 0-0 0-0 13. Nbd2 Rac8 14. Qe1 a6 15. Qg3 Na7 16. Ng5 h6 17. Nh3 Bb5 18. Bxb5 Nxb5 19. Nf4 Kh7 20. Nh5 g6 21. Nf6+ Bxf6 22. Rxf6 Rc2 23. Raf1 Kg7 24. Qf3 Rc7 25. Nb3 Re7 26. Rxg6+ Kxg6 27. Qf6+ Kh7 28. Qxe7 Qd8 29. Rxf7+ 1-0